000 00792nam a2200265Ia 4500
001 Para_5487
003 CHAP
008 220125s1920 xx 000 0 und d
010 _a203946
040 _cCHAP
090 _aPA FOLLETO 2799
110 _aEUA. Department of Agriculture
_938805
245 _aDepartment bulletins nos. 601-625 :
_b with contents and index /
_c Department of Agriculture
260 _aWashingoton :
_b The Department
300 _a20 p.
440 _aEUA. Dep. of Agri. bull.; 601-625
_9169956
650 _aAgricultura
_x GanaderĂ­a
_x BiblioghrafĂ­a
_9169957
901 _aPA FOLLETO 2799
902 _aA
905 _a0000001920 WAS 0000000000 00
910 _a1920
942 _cPARA
942 _cPARA
_d1
999 _c203946
_d203946